=LDR 00000nam 2200000 4500 =001 INLIS000000000009414 =005 20130612101216 =008 ***********************************Ind** =035 ##$$0010-061300000009414 =041 ##$$a Ind =082 ##$$a 001.642 =090 ##$$a 001.642, kom k =100 ##$$a Tosir, Riyanto =245 ##$$a Komputer Grafik, Riyanto Tosin =260 ##$$a 1988 $b Jakarta =300 ##$$a 186 hlm, 21 Cm =650 ##$$a Komputer =850 ##$$a NBPNMAT